000 00521nam a2200133Ia 4500
008 220615s9999||||xx |||||||||||||| ||und||
022 _a16648714
100 _aWalter R Boot
245 0 _aVideo Games as Tools to Achieve Insight into Cognitive Processes
546 _aEnglish[eng]
650 _atransfer||Video Games||skill acquisition||Perception||Cognition||training||Gaming
856 _uhttp://journal.frontiersin.org/researchtopic/1427/video-games-as-tools-to-achieve-insight-into-cognitive-processes
942 _cEB
999 _c15631
_d15631